|
|
|
|
| LEADER |
01085cam a2200265 7i4500 |
| 001 |
0000034412 |
| 005 |
20170218090000.0 |
| 008 |
101214 eng |
| 020 |
|
|
|a 9780131687288 (hbk.)
|
| 020 |
|
|
|a 013168728X (hbk.)
|
| 090 |
0 |
0 |
|a TA1632
|b .G73 2008
|
| 100 |
1 |
|
|a Gonzalez, Rafael C
|
| 245 |
1 |
0 |
|a Digital image processing
|c Rafael C. Gonzalez, Richard E. Woods.
|
| 250 |
|
|
|a 3rd ed.
|
| 260 |
|
|
|a Upper Saddle River, N.J.:
|b Prentice Hall,
|c 2008.
|
| 300 |
|
|
|a xxii, 954 p.:
|b col. ill.;
|c 25 cm.
|
| 504 |
|
|
|a Includes bibliographical references and index
|
| 650 |
|
0 |
|a Image processing --
|x Digital techniques
|
| 700 |
1 |
|
|a Woods, Richard E
|
| 997 |
|
|
|a Communication, Visual Art & Computing, Faculty
|b Computing, Department
|
| 999 |
|
|
|a 0000043247
|b BOK
|c OPEN SHELF
|e 2nd Floor, Bestari Jaya
|
| 999 |
|
|
|a 0000043248
|b BOK
|c OPEN SHELF
|e 2nd Floor, Bestari Jaya
|
| 999 |
|
|
|a 0000043249
|b BOK
|c OPEN SHELF
|e 2nd Floor, Bestari Jaya
|
| 999 |
|
|
|a 0000043250
|b BOK
|c OPEN SHELF
|e 2nd Floor, Bestari Jaya
|
| 999 |
|
|
|a 0000043251
|b BOK
|c OPEN SHELF
|e 2nd Floor, Bestari Jaya
|